000 00547nam a2200181Ia 4500
008 090123s9999 xx 000 0 und d
082 _b24542
_a891.463/हरका
100 _aहरकारे अरुण
245 _aकठोर मनाची
250 _a1
260 _bसत्यजय प्रकाशन
300 _a212
600 _aहरकारे अरुण
630 _aकठोर मनाची
700 _aहरकारे अरुण
730 _aकठोर मनाची
942 _cBOOK
999 _c62613
_d62613